000 01023nam a2200241Ia 4500
008 0000002000 sp ad 0000000000spa00
090 _aPSP00 J85s
100 1 _aJuncosa, Enrique
245 1 0 _aSantiago Ydáñez
_b: el expresionismo objetivo = Objective expressionism
_c/ textos Enrique Juncosa ; fotografías Mateo Gamón
264 _aValencia : Galería Luis Adelantado
300 _a51 p.
_c/ 28 cm.
500 _aExposición realizada en Galería Luis Adelantado, Valencia, septiembre a octubre de 2000 \ Incluye datos biográficos del artista \ Texto bilingue : Español Inglés \ Registro auspiciado por la FGAA. Bogotá
600 0 0 _aYDAñEZ, SANTIAGO, 1969/
_xTRABAJOS PICTORICOS
650 1 4 _aARTE CONTEMPORANEO ESPAÑOL
650 1 4 _aARTISTAS PLASTICOS ESPAÑOLES EXPOSIONES
650 1 4 _xCATALOGOS
650 1 4 _xEXPOSICIONES
650 1 4 _aEXPRESIONISMO (ARTE)
650 1 4 _aPINTORES ESPAÑOLES
650 1 4 _aPINTURA ESPAÑOLA
700 1 _aGamón, Mateo
999 _c10522
_d10522
260 _c2000